| 000 | 00842nam a2200217Ia 4500 | ||
|---|---|---|---|
| 999 |
_c39371 _d39371 |
||
| 001 | 5960 | ||
| 003 | GE_BSU | ||
| 005 | 20190829125841.0 | ||
| 008 | 181216s1969||||ge |||||||||||||| ||geo|| | ||
| 040 | _cGE_BSU | ||
| 041 | _ageo | ||
| 080 | _a821.353.1-32 ა-13 | ||
| 100 |
_aაბაშიძე, ნინო _93439 |
||
| 245 |
_aალაზნის პირას : _bმოთხრობები / _cნინო აბაშიძე ; რედ. ნ. კალანდარიშვილი. |
||
| 264 |
_aთბილისი : _bნაკადული ; _c1969. |
||
| 300 |
_a214 გვ. ; _c17 სმ. |
||
| 653 | _aალაზნის პირას | ||
| 653 | _aმოთხრობები | ||
| 700 |
_aკალანდარიშვილი, ნ. _eრედაქტორი _93821 |
||
| 942 |
_cBK _2udc |
||